|
|
|
|
| LEADER |
00000cam a2200000 a 4500 |
| 001 |
vtls001546298 |
| 003 |
SK-MaSNL |
| 005 |
20260302040936.0 |
| 008 |
240318s1993 xxua a 00000 slo |
| 015 |
|
|
|a SNBZSA2012-00550
|
| 020 |
|
|
|a 1551855984
|
| 035 |
|
|
|a VTK23927
|
| 040 |
|
|
|a SNK
|b slo
|c SNK
|e AACR2
|
| 041 |
1 |
|
|a slo
|h eng
|
| 044 |
|
|
|a xxu
|c US
|
| 072 |
|
7 |
|a 0/9-053.2
|x Literatúra pre deti a mládež (náučná)
|2 konspekt
|
| 072 |
|
7 |
|a 59
|x Zoológia
|2 konspekt
|
| 080 |
|
|
|a 599
|x (084)
|x (0.053.2)
|2 2001
|
| 080 |
|
|
|a 821.111(73)-93
|2 2001
|
| 100 |
1 |
|
|a Nayer, Judy
|4 aut
|9 407186
|
| 245 |
1 |
0 |
|a Cicavce
|c text: Judy Nayer ; ilustrácie: Grace Goldberg
|
| 250 |
|
|
|a 1. vyd.
|
| 260 |
|
|
|a New York
|b McClanahan Book Company
|c 1993
|
| 300 |
|
|
|a [10] s.
|b fareb. ilustr.
|c 30 cm
|
| 490 |
1 |
|
|a Na dosah ruky
|
| 500 |
|
|
|a Prel. z angl.
|
| 650 |
0 |
7 |
|a cicavce
|2 snkph
|9 1286
|
| 655 |
|
7 |
|a publikácie pre deti
|2 snkph
|9 70148
|
| 655 |
|
7 |
|a leporelá
|2 snkph
|9 60414
|
| 700 |
1 |
|
|a Goldberg, Grace
|4 ill
|9 407187
|
| 830 |
|
0 |
|a Na dosah ruky
|9 477016
|
| 918 |
|
|
|a 1-55185-598-4
|
| 958 |
|
|
|a ZS
|
| 958 |
|
|
|a DB
|
| 958 |
|
|
|a OP
|
| 999 |
|
|
|c 1076702
|d 1078632
|
| 952 |
|
|
|a SNK
|b SNK
|y PREZ
|7 0
|p 17A0876621
|o snkSB 83060
|i snk2012/9368
|8 1
|0 0
|1 0
|4 0
|d 2012-05-15
|l 0
|r 2025-05-05 00:00:00
|w 2026-02-24
|
| 952 |
|
|
|a SNK
|b SNK
|y VYP
|7 0
|p 17A1124757
|o snkSB 83060 D1
|i snk2016/11234
|8 1
|0 0
|1 0
|4 0
|d 2016-05-02
|l 0
|r 2026-02-24 16:13:10
|w 2026-02-24
|